Artc̕ulos de Prietocarrizosa

Bibliographic Details
Format: eBook
Language:Spanish
Published: Bogot:̀ Prietocarrizosa abogados, 2013 -
Subjects:
Online Access:Acceso restringido

MARC

LEADER 00000nam a22000007a 4500
005 20130617191156.0
007 cr|||| ||||
008 130617c20139999co x|w s|||| 0|||b1spa d
035 |a 11283 
040 |a vLex 
090 |c 4381  |d 4381 
245 0 0 |a Artc̕ulos de Prietocarrizosa  |h [recurso electrn̤ico]  
256 |a Servicio en ln̕ea 
260 |a Bogot:̀  |b Prietocarrizosa abogados,  |c 2013 - 
300 |a 1 recurso electrn̤ico 
310 |a Irregular 
506 1 |a Contenido solo disponible en los productos indicados  |d vLex Global  |d vLex Global (Academic Edition, excluding Law Schools)  |d vLex Global (U.S. Academic Edition, Law Schools)  |d vLex Global (U.S. Academic Edition, excluding Law Schools)  |d vLex Global (Academic Edition, Law Schools) 
650 0 4 |a Derecho civil  |z Colombia 
740 0 |a vLex Revistas (Servicio en ln̕ea) 
856 4 0 |u http://vlex.com/source/articulos-prieto-carrizosa-11283  |z Acceso restringido 
942 |c REV 
999 0 |a Civil Law